000 01370nam a2200373 a 4500
001 000115185
003 CHAP
005 20220329144521.0
008 181114s2018 mx a sm |||||||spa d
010 _a111646
011 _a112618
040 _cCHAP
090 _aTesis
100 1 _aMartínez García, Prisco.
_9136159
245 1 0 _aContribución a la evaluación de la sustentabilidad de agroecosistemas de México :
_h[En línea]
_bMazahuas /
_cpor Prisco Martínez García.
260 _aChapingo, Méx. :
_bEl autor,
_c2018.
500 _aPara ver el contenido del material haga clic en la liga
502 _aTesis (Ing. en Agroecología) -- UACH. Departamento de Investigación y Servicio en Agroecología
590 _aBATCH-UPD
_b10
_c20190618
_lUCH01
_h1421
590 _aE11695DGD
_b10
_c20190618
_lUCH01
_h1420
590 _aE8697GMM
_b05
_c20181114
_lUCH01
_h1422
590 _aE8697GMM
_b05
_c20181114
_lUCH01
_h1423
590 _aE8697GMM
_b05
_c20181115
_lUCH01
_h0934
590 _aE8697GMM
_b05
_c20181203
_lUCH01
_h1209
590 _aE8697GMM
_b05
_c20190517
_lUCH01
_h1357
650 1 4 _aAgrosistemas.
_92212
650 1 4 _aBiodiversidad.
_912724
650 1 4 _aEcología agrícola.
_935165
650 1 4 _aMazahuas.
_973307
856 _aFinding aid
_uhttp://10.13.5.2/tesis/sist115185.pdf
_zTeclea aquí
901 _aBK
942 _cTESIS
942 _n0
999 _c111646
_d111646